[Event "Corus"]
[Site "Wijk aan Zee"]
[Date "2004.01.14"]
[Round "4"]
[White "Timman, Jan H"]
[Black "Van Wely, Loek"]
[Result "0-1"]
[WhiteElo "2578"]
[BlackElo "2617"]
[Annotator "Ribli,Z"]
[PlyCount "80"]
[EventDate "2004.01.10"]
[EventType "tourn"]
[EventRounds "13"]
[EventCountry "NED"]
[EventCategory "19"]
[SourceTitle "CBM 099"]
[Source "ChessBase"]
[SourceDate "2004.03.30"]
[SourceVersion "1"]
[SourceVersionDate "2004.03.30"]
[SourceQuality "1"]

1. c4 Nf6 2. Nc3 c5 3. Nf3 d5 4. cxd5 Nxd5 5. g3 Nc6 6. Bg2 Nc7 7. d3 {Statt
dieser Fortsetzung wird 7.0-0 häufiger gespielt.} e5 8. Nd2 Bd7 {Wir haben
jetzt eine sogenannte Maroczy-Stellung, in der Schwarz ein starkes
Bauernzentrum hat, aber das d5-Feld in seiner Stellung schwach ist.} 9. Nc4 {
Dieser Spielplan gefällt mir nicht. Im Falle von 9.0-0 Be7 10.Nc4 muss Schwarz
mit der Drohung 11.Bxc6 und 12.Nxe5 rechnen, so spielt er gewöhnlich 10...f6,
wonach 11.f4 b5 zu scharfem Kampf führt.} b5 {In dieser Stellung kann Schwarz
ruhig 9...b5 spielen, weil 10.Bxc6?? an 10...Bxc6 scheitert und der h1R hängt}
(9... Be7 10. f4 exf4 11. Bxf4 O-O 12. O-O Ne6 13. Be3 Ned4 14. Bf2 Bg4 15. Ne3
Be6 16. Ned5 Bd6 {1/2-1/2 Anand,V-Van Wely,L/Monte Carlo 1999/CBM 69 ext (28)})
10. Ne3 Rb8 {Dieser Turmzug ist ebenso gut wie die Alternative 10...Rc8.} (
10... Rc8 11. O-O Nd4 12. b3 Be6 13. Bb2 Be7 14. Rc1 O-O 15. Qd2 Qd7 16. Rfd1
f5 $36 {0-1 Ribli,Z-Olafsson,F/Las Palmas 1974/MCD (42)}) 11. O-O Bd6 {
Gewöhnlich entwickelt sich der Läufer nach e7, aber Schwarz möchte den Zug Ne4
provozieren, wonach Weiß mit f7-f5 rechnen muss. Trotzdem scheint mir 11...Be7
besser.} (11... Be7 12. Ned5 (12. f4 exf4 13. gxf4 O-O 14. Bd2 Nd4 15. Rc1 f5 {
0-1 Ivacic,V-Grosar,A/Portoroz 1996/CBM 51 ext (43)}) 12... Nxd5 13. Nxd5 O-O
14. Nxe7+ Qxe7 15. Be3 Nd4 16. Qd2 Rfc8 17. Rac1 Be6 18. Bxd4 exd4 19. b3 Qd6
20. Rc2 c4 {1/2-1/2 Gheorghiu,F-Tukmakov,V/Lenk 1999/EXT 2000 (20)}) 12. a4 (
12. Nf5 Bxf5 13. Bxc6+ Bd7 14. Bg2 $11) 12... a6 13. axb5 axb5 14. f4 {Weiß
möchte das Spiel komplizieren und er ist nicht zufrieden mit den
Vereinfachungen nach 12.Nf5.} (14. Nf5 Bxf5 15. Bxc6+ Bd7 16. Bg2 O-O 17. f4
exf4 18. gxf4 Ne6 19. e4 Nd4 {1-0 Prokopchuk,E-Sultangareev,M/Ufa 1999/CBM 70
ext (36)}) 14... exf4 (14... O-O 15. Ne4 Be7 16. f5 $14) 15. gxf4 O-O 16. Ne4
Be7 17. f5 {Weiß muss so spielen, sonst zieht Schwarz selbst 17...f5.} (17. Bd2
f5 $15) 17... f6 $13 {[%csl Yd4,Gf5] Weiß hat Raumvorteil am Königsflügel,
aber Schwarz hat auch seine Chancen und das d4-Feld ist ein positionelles Loch
in der weißen Stellung.} 18. Bd2 (18. Nc2 Nd5 $13) 18... Nd4 {[%csl Gd4] Der
d4N steht sehr aktiv und der e3N kann nicht weggehen, weil er den f5-Bauern
verteidigen muss.} 19. Rc1 (19. Ra7 Ra8 20. Rxa8 Nxa8 $13) 19... Na6 20. Rf2 (
20. Ra1 {Dieser Zug ist nicht so ehrgeizig, aber wahrscheinlich hat Schwarz
nichts Besseres, als die Züge zu wiederholen.} Nc7 $11 (20... Ra8 21. Ng3 (21.
Nc3 $14) 21... Ra7 22. Ba5 $36) (20... Nb4 21. Bxb4 cxb4 $13)) (20. Bc3 Bc6 $13
) 20... Re8 {[%cal Ge8e1] Schwarz bereitet 21...Bf8 vor, wonach der e8R aktiv
wird.} 21. Bc3 (21. Ra1 $5) (21. Nd5 $1 Nxf5 (21... Bxf5 22. e3 Bxe4 (22...
Qxd5 $4 23. Nxf6+ $18) 23. Bxe4 Ne6 24. Qg4 Ng5 25. Bg2 $44) 22. Ra1 (22. Qb3
Kh8 23. Qa3 Bc8 (23... Ra8 24. Nxe7 Qxe7 25. Nxc5 $16) 24. Nxe7 Rxe7 25. Nxc5
b4 $13) 22... Nb4 23. Nxe7+ Qxe7 24. Ra7 $44) 21... Bf8 (21... Bc6 22. Ng4 {
[%cal Ge2e3,Ge3d4]} Bd7 $13) 22. Nd5 Kh8 {[%mdl 256] Mit diesem
prophylaktischen Zug bringt Schwarz seinen König in Sicherheit.} (22... Nxf5 $2
23. Ndxf6+ $18) (22... Bxf5 23. Nexf6+ gxf6 24. Bxd4 cxd4 25. Rxf5 $16) 23. e3
b4 $8 (23... Bc6 24. Nf4 $1 {[%cal Gd1h5,Gh5h8]} Nxf5 25. Nxf6 gxf6 (25... Bxg2
26. Nxe8 $18 (26. Qh5 $18)) 26. Bxc6 Rxe3 27. Qh5 $18) 24. Bxd4 (24. Nxc5 Nxc5
(24... Nf3+ 25. Bxf3 (25. Rxf3 Bxc5 $44) 25... Bxc5 26. Bd2 Bxf5 27. d4 Bd6 28.
Rc6 Bd3 29. e4 $36) 25. Bxd4 Ba4 $44) 24... cxd4 25. exd4 Rb5 26. Ne3 (26. Nd2
Bc8 $44 {[%cal Gc8b7,Gb7g2]}) 26... Qb6 $44 {[%csl Rd3,Rd4][%cal Gb6g1][%mdl
2048] Schwarz hat aktives Figurenspiel, was ausreichende Kompensation für den
Bauern darstellt und die weiße Bauernstruktur ist schwach.} 27. Rc4 {Der Turm
steht nicht besonders gut auf c4, aber das ist die einzige Verteidigung des
d4-Bauern.} Nb8 {[%cal Gb8c6,Gc6d4]} 28. Qc1 {[%cal Gc1c8,Ge4c5]} Ra5 (28...
Nc6 $5 29. Nxf6 (29. Nc5 Bxc5 30. dxc5 Qa7 $44) 29... gxf6 30. Bxc6 (30. Rxc6
$2 Bxc6 31. Bxc6 Rc8 $17) 30... Bxc6 31. Rxc6 Qxd4 32. Qc4 Qxe3 $1 33. Qxb5 Bh6
34. Re6 Qc1+ 35. Kg2 Qg5+ $11) 29. Nc5 Qa7 {[%cal Ra5a1,Ra1g1]} 30. Nb3 Ra2 31.
Rf1 (31. Rc7 Qa4 32. Bd5 Bd6 $44) 31... Bd6 {[%csl Gd6,Gd7] Das schwarze
Läuferpaar ist stark, während es ist nicht leicht für Weiß ist, sein
Figurenspiel zu koordinieren.} 32. Be4 Na6 {[%cal Ga6c7]} (32... Bb5 33. Rc8
Qd7 34. Rxe8+ Qxe8 $44) 33. Nc5 $6 (33. Qb1 Nc7 34. Nc5 Bb5 35. Rxb4 Bxc5 36.
dxc5 Qxc5 37. Qxa2 Qxb4 $44) 33... Bb5 {[%csl Rc4]} 34. Ne6 (34. Rc2 Bxc5 35.
dxc5 Ba4 36. Rc4 (36. b3 $2 Rxc2 37. Qxc2 Nxc5 $17) 36... Bb3 37. Rd4 Nxc5 $15
{[%cal Ga7g1]}) 34... Bxc4 35. Nxc4 (35. dxc4 $1 Rxe6 36. fxe6 Qxd4 37. Rd1 Qe5
(37... Qxe4 38. Rxd6 $16) 38. Nf5 Qxh2+ 39. Kf1 Qh3+ 40. Kf2 Qh2+ 41. Kf1 $11)
35... Bb8 (35... Rxe6 $2 36. fxe6 Qxd4+ 37. Kg2 Nc5 38. Nxd6 Qxd6 39. Rf5 $18 {
[%cal Gc1c8,Gc8h8]}) (35... Qd7 $13) 36. Kh1 Nc7 $2 (36... Qd7 $142) 37. Nxg7 (
{Hier konnte Timman in Vorteil kommen:} 37. Nd6 $1 Nxe6 38. Nxe8 Nf8 39. Qc5 $1
(39. Bd5 $16) 39... Qxc5 40. dxc5 Rxb2 41. c6 Rxh2+ 42. Kg1 Rc2 43. Rb1 $18)
37... Rg8 $1 $15 (37... Kxg7 38. Rg1+ Kh8 39. Qh6 Nd5 40. Bxd5 $40) (37... Rxe4
38. dxe4 Qxd4 39. Qc2 b3 40. Qe2 Kxg7 41. Rd1 Qa7 42. Qg4+ Kf8 43. Rg1 Ra1 44.
Qg7+ Ke8 45. Qh8+ Ke7 (45... Kd7 46. Qg7+ Kc6 47. Qxf6+ $13) 46. Qg7+ Ke8 $11)
38. Ne6 Nxe6 39. fxe6 Qxd4 40. Qh6 Ra7 $17 {[%cal Ra7g7,Rg8g1] Schwarz droht
41...Rag7 zu spielen und er hat die bessere Stellung, aber die Aufgabe der
Partie von Weiß scheint mir zu früh.} (40... Ra7 41. Qe3 Be5 42. Qxd4 Bxd4 {
Droht jetzt 43...Rag7.} 43. Nd6 Bxb2 $17) (40... Rg7 41. e7 (41. Bxh7 Qf4)
41... Qd7 42. Bxh7 $18) 0-1

[Event "CRO-ch 6th"]
[Site "Pula"]
[Date "1998.01.12"]
[Round "4"]
[White "Cebalo, Miso"]
[Black "Rogulj, Branko"]
[Result "0-1"]
[WhiteElo "2515"]
[BlackElo "2430"]
[Annotator "Ribli,Z"]
[PlyCount "102"]
[EventDate "1998.01.09"]
[EventType "tourn"]
[EventRounds "13"]
[EventCountry "CRO"]
[EventCategory "9"]
[SourceTitle "CBM 064"]
[Source "ChessBase"]
[SourceDate "1998.06.02"]
[SourceVersion "1"]
[SourceVersionDate "1998.06.02"]
[SourceQuality "1"]

1. Nf3 c5 2. c4 Nf6 3. Nc3 Nc6 4. g3 d5 5. cxd5 (5. d4 $5 {Nach meiner Meinung
bietet dieser Zug dem Weißen bessere Chancen in Hinblick auf Eröffnungsvorteil.
Ribli.}) 5... Nxd5 6. Bg2 g6 {Die andere Hauptvariante ist 6...Nc7 mit der
Idee 7...e5 und Schwarz möchte eine starke Zentrumstellung bauen. 6...e5? wäre
ein grober Fehler wegen 7.Nxe5!.} 7. O-O (7. Qa4 Nb6 (7... Bg7 8. Qc4 {[%csl
Rc5] Dieser Damezug scheint sehr gefährlich, denn Schwarz kann seinen
c5-Bauern für aktives Figurenspiel opfern.} Ndb4 9. O-O (9. Ne4 Be6 10. Qxc5
O-O $44) 9... Qa5 10. Ne4 Qa6 11. Qxc5 b6 12. Qe3 O-O 13. Ne1 Be6 $44 {[%csl
Re3]}) 8. Qh4 Bg7 9. d3 O-O 10. Bh6 f6 11. Rc1 Nd4 12. Nxd4 cxd4 13. Nb5 $13)
7... Bg7 8. Qa4 Ndb4 $5 $146 (8... Nc7 9. Ng5 (9. d3 O-O 10. Qh4 e5 11. Bg5 f6
12. Bh6 Be6 13. Bxg7 Kxg7 14. Rac1 Qd7 {Dyballa,G-Konietzka,L/NRW-Cup Masters
op 1997/0-1 (43)}) 9... h6 10. Nge4 Qd4 11. d3 f5 12. Nd2 Bd7 13. Nc4 Qf6 14.
Qb3 b6 15. Bf4 Ne6 16. Ne5 Ned4 17. Nxd7 Kxd7 18. Qd5+ Ke8 19. e3 Rd8 20. Qc4
Na5 21. Qa4+ Ndc6 22. Nd5 {1-0 Cebalo,M-Sale,S/Pula op 1996 (28)}) (8... Nb6 9.
Qb5 (9. Qh4 O-O (9... h6 $5) 10. d3 f6 11. Bh6 e5 12. Ne4 Qe7 13. Rac1 Nd7 14.
a3 Rb8 15. e3 Bxh6 16. Qxh6 f5 17. Neg5 Nf6 18. h3 Bd7 19. Nd2 Rbc8 20. Rfe1 b6
21. f4 {1-0 Krasenkow,M-Brynell,S/Malmo 1995 (41)}) 9... c4 10. Na4 O-O 11.
Nxb6 axb6 12. Qxc4 Be6 13. Qh4 Bxa2 14. d3 e5 15. Bg5 Qd7 {Myreng,S-Catalan,T/
Gausdal Jubilee 1982/1/2-1/2 (61)}) (8... Nxc3 9. bxc3 O-O 10. Ba3 Qd6 11. d4
b6 12. Ne5 Nxe5 13. Bxa8 Qb8 14. Bg2 Bd7 15. Qb3 cxd4 16. cxd4 Nc6 17. e3 {
1-0 Strokov,A-Hammermayer/Wch-06 Blind 1986 (23)}) (8... O-O $5 9. Qc4 Nxc3 10.
dxc3 b6 (10... Qb6 11. Qh4 Re8 12. Rb1 Ne5 13. Nxe5 Bxe5 14. b4 cxb4 15. Be3
Qa6 16. Qxb4 $14) 11. Ng5 Qc7 $10 {Hertneck,G-Miles,A/Dortmund/1986/CBM01/} 12.
Qh4 $5 h6 13. Nf3 g5 14. Qh5 {und die Idee 15.h4 schafft Drohungen am
Königsflügel.}) 9. a3 Na6 {Der Springer steht nicht besonders gut auf a6, aber
er verteidigt den Bauern c5 und verhindert die eventuelle Möglichkeit b2-b4.}
10. d3 O-O {[%csl Yd4] Schwarz übt starke Kontrolle über das Feld d4, das ein
positionelles Loch in der weißen Stellung ist, aus.} 11. Be3 (11. Qh4 $5 {
[%csl Gh4][%cal Gc1h6]} b6 $2 (11... e5 12. Qxd8 (12. Bg5 f6) 12... Rxd8 13.
Be3 $11 (13. Bd2 $11)) 12. Ng5 {[%cal Rh4h7,Rg2a8]}) 11... Nd4 $13 {[%csl Gd4]
Nach diesem Springerzug kann Weiß nicht mehr Qh4 spielen, so daß die Dame auf
a4 nicht so gut steht.} 12. Rfc1 (12. Bxd4 cxd4 13. Ne4 Bd7 14. Qb3 Bc6 $15 {
[%csl Gd4] Schwarz hat Raumvorteil und sein starker d4-Bauer ist unangenehm
für Weiß.}) 12... Bd7 {[%csl Ra4]} 13. Qd1 Bc6 {[%csl Gc6,Gd4]} 14. Bxd4 (14.
Rab1 Nxf3+ 15. Bxf3 Bxf3 16. exf3 Qd7 $15 {[%csl Rd3][%cal Gd7d3]}) 14... cxd4
15. Na2 (15. Ne4 {Dieser Springerzug erscheint auf den ersten Blick
natürlicher, aber Schwarz kann mit späterem ...f7-f5 Zeit gewinnen.} Rc8 (15...
Qb6 $15) (15... Bxe4 $6 16. dxe4 d3 {[%cal Rg7b2,Rb2c1,Rb2a1]} 17. e5 dxe2 18.
Qxe2 $14 {[%csl Gg2,Rg7]}) 16. b4 Nc7 {[%csl Rc3][%cal Gc7b5,Gb5c3,Gc7d5,Gd5c3]
}) 15... Bh6 {[%csl Gh6][%cal Rh6c1] Der schwarze Läufer ist auf h6 viel
besser plaziert als in der langen Diagonalen.} 16. Rc4 (16. Nd2 Bxg2 17. Kxg2
Qd5+ 18. Kg1 Rac8 $15 {[%csl Gd4,Gd5,Gh6]}) (16. Rcb1 $15 {[%csl Ra1,Rb1] Die
weißen Türme stehen sehr passiv.}) (16. Rc2 Ba4 $17 {[%cal Ra4d1]}) 16... Bd5 {
[%csl Rc4]} 17. Rxd4 {Weiß muß die Qualität für einen Bauern geben.} (17. Nxd4
$5 Bxc4 18. dxc4 {[%csl Gg2]} Bg7 19. e3 $15 {Schwarz hat eine Qualität mehr,
aber Weiß kontrolliert stark die weißen Felder.}) 17... Bg7 {[%csl Rd4,Gd5,Gg7]
} 18. Rf4 $6 {Weiß rettet den Turm und gibt stattdessen zwei Bauern (b2 und a3)
und Schwarz steht mit dem Läuferpaar viel aktiver.} (18. Ra4 Bc6 19. Nc3 Bxa4
20. Qxa4 $15) (18. Rxd5 Qxd5 19. Nc3 $15) 18... Bxb2 19. Rb1 Bxa3 {[%csl Ga7,
Gb7] Der schwarze Läufer steht zwar nicht so gut auf a3, aber die zwei
Freibauern werden früher oder später stark.} 20. Nc3 Bc6 21. Qd2 {Weiß hat
einen Bauern weniger, aber wegen der unglücklichen Aufstellung der schwarzen
Figuren hat er noch etwas Gegenspiel.} e6 22. h4 Qa5 {[%cal Ga5d2,Ga5h5]} 23.
Rc4 (23. h5 Qxh5 (23... Be7 $15 {[%cal Ge7h4]}) 24. Rh4 Qf5 25. Qh6 g5 $15)
23... Rac8 24. e4 Rfd8 {Schwarz räumt das Feld f8 für den Läufer.} 25. Qf4 Be8
26. Rxc8 Rxc8 27. Ne2 b5 $17 {Schwarz kann die weißen Drohungen am
Königsflügel parieren und seine Bauernmehrheit am Damenflügel ist gefährlich.}
28. d4 Qc7 29. Qe3 {Für eventuelle Gegenchancen muß Weiß natürlich die Damen
auf dem Brett behalten.} Qc2 {[%csl Gc2]} 30. Ra1 b4 {[%csl Ga3,Gb4,Gc2]} 31.
Bf1 {[%cal Gf1a6]} (31. d5 exd5 (31... Nc5 $17) (31... e5 {[%cal Ge5d4]}) 32.
exd5 Nc5 $17) 31... Nb8 {Schwarz verbessert seine Springerstellung, vermeidet
mögliche Unannehmlichkeiten auf der Diagonalen f1-a6 und macht den Weg für den
a-Bauern frei.} 32. d5 e5 33. Qxa7 (33. Nxe5 Bb2 {[%cal Rb2a1,Rb2e5]} (33...
Qb2 {[%cal Rb2a1,Rb2e5]} 34. Qd4 Bb5 $17) 34. Ra2 b3 35. Nd4 Bxd4 36. Rxc2 bxc2
37. Qxd4 c1=Q 38. Ng4 {[%csl Rg8]} Nd7 $19) (33. Bh3 Rd8) 33... Qxe4 34. Qb7
Rd8 35. Qe7 Qxd5 {Die Vereinfachungen haben zu einer offenen Stellung geführt,
was für den Schwarzen wegen seines Läuferpaares von Vorteil ist.} 36. Nxe5 Nc6
37. Nxc6 Bxc6 {[%csl Gc6,Gd5][%cal Rc6h1]} 38. f3 Re8 39. Qf6 Qxf3 {Schwarz
hat bereits zwei Mehrbauern und so sehr gute Gewinnchancen. Sein Freibauer b4
ist besonders stark und kaum aufzuhalten.} 40. Qxf3 Bxf3 41. Kf2 Be4 {[%csl
Ga3,Gb4,Ge4]} (41... Bb2 $6 42. Rb1 Bxe2 43. Bxe2 {Und Schwarz hat auch hier
viel bessere Chancen, aber die Anwesenheit der ungleichfarbigen Läufer gibt
Weiß gewisse Rettungschancen.}) 42. Nf4 Bb2 {[%cal Rb2a1,Rb2d4,Rd4f2]} 43. Rd1
Be5 44. Bc4 (44. Nd3 Bd4+ {[%csl Rf2]} 45. Ke2 Bc6+ (45... b3 $19) 46. Kd2 Bc3+
47. Kc1 (47. Kc2 Ba4+ $19 {[%cal Ra4d1]}) 47... Bf3 $19) 44... Bxf4 45. gxf4
Rc8 (45... Bc2 46. Rd7) 46. Rd4 (46. Bb3 Rc3 $19) (46. Bd5 Bxd5 (46... Rd8 $4
47. Bxf7+ $15 {[%cal Rd1d8]}) 47. Rxd5 Rb8 $19) 46... Bc2 {[%csl Gb4,Gc2][%cal
Rb4b3,Rb3b2,Rb2b1] und der schwarze b-Bauer entscheidet die Partie.} 47. Bd5
Rb8 $19 (47... b3 48. Rb4 $17 {[%csl Gb4][%cal Gb4b1]}) 48. Bc4 b3 49. Rd7 {
Dieser Gegenangriff hilft Weiß nicht.} b2 50. Bxf7+ Kh8 51. Ba2 Ra8 {[%cal
Ra8a2] Dieser Zug ist noch präziser als die sofortige Bauernumwandlung. Weiß
gab auf. Ribli.} (51... b1=Q $19) 0-1

[Event "Corus"]
[Site "Wijk aan Zee"]
[Date "2006.01.16"]
[Round "3"]
[White "Ivanchuk, Vassily"]
[Black "Anand, Viswanathan"]
[Result "0-1"]
[WhiteElo "2729"]
[BlackElo "2792"]
[Annotator "Ribli,Z"]
[PlyCount "56"]
[EventDate "2006.01.14"]
[EventType "tourn"]
[EventRounds "13"]
[EventCountry "NED"]
[EventCategory "19"]
[SourceTitle "CBM 111"]
[Source "ChessBase"]
[SourceDate "2006.04.04"]
[SourceVersion "1"]
[SourceVersionDate "2006.04.04"]
[SourceQuality "1"]

1. Nf3 {Ftacnik} Nf6 2. c4 c5 3. Nc3 Nc6 4. e3 e5 5. Be2 d5 6. d4 exd4 7. exd4
{Mit Zugumstellung haben wir die Variante 1.e4 c5 2.Nf3 e6 3.c4 Nc6 4.Nc3 Nf6
5.Be2 d5 6.exd5 exd5 7.d4 erreicht. In der symmetrischen Stellung hat Weiß ein
Tempoplus.} Be6 $5 (7... Be7 8. Be3 $1 cxd4 9. Nxd4 Nxd4 10. Qxd4 dxc4 11.
Qxd8+ Bxd8 12. Bxc4 $14 O-O 13. O-O Bd7 (13... a6 $5) 14. Rfd1 Bc6 15. Nb5 (15.
Bb5 $5) 15... Bb6 16. Bxb6 axb6 17. f3 $1 {1/2-1/2 Ivanchuk,V-Anand,V/Manila 
(ol) 1992/(43)}) 8. Be3 (8. Qa4 dxc4 $1 9. dxc5 Bxc5 10. Ng5 Bd7 11. Nxf7 $2 (
11. Qxc4 Qe7 12. O-O O-O $11) 11... Qe7 $1 12. Nxh8 Nb4 13. Qd1 $6 Nd3+ 14. Kf1
Nxf2 15. Nd5 Nxd1 $1 $19 {0-1 Mohr,G-Haba,P/Oesterreich 2003/(24)}) 8... dxc4
9. Qa4 {Ftacnik: 'The main line of the theoretical discussion in this line is
connected with the move 9.0-0. ' Diese Fortsetzung wird relativ selten
gespielt, die Hauptvariante ist 9.0-0.} (9. O-O cxd4 10. Nxd4 Nxd4 11. Bxd4 Qd7
$1 (11... Be7) (11... Bd6) 12. Bxf6 (12. Be5 Be7 13. Qxd7+ Bxd7 14. Bxc4 O-O
15. Nd5 Bd8 16. Rfd1 Bc6 17. Nb4 Be4 18. f3 Bf5 19. Nd5 Be6 {. 1/2-1/2
Rublevsky,S-Zvjaginsev,V/Poikovsky ) 2003/ (20)}) 12... Qxd1 $1 13. Rfxd1 gxf6
14. Nd5 Rc8 15. Nxf6+ Ke7 16. Nd5+ Bxd5 17. Rxd5 Bg7 18. Re1 Bxb2 19. Bxc4+ Kf6
20. Re4 Rhe8 {1/2-1/2 Yandemirov,V-Vasilevich,I/St Petersburg 2004/EXT 2005 
(43)}) 9... cxd4 {Eine bescheidene und sichere Fortsetzung, die Alternative 9..
.Qa5 führt zu scharfem Spiel.} (9... Nd5 10. Nxd5 Qxd5 11. O-O-O c3 12. b3 $1)
(9... Qa5 10. dxc5 (10. Qxa5 Nxa5 11. Nb5 $6 cxd4 12. Bd2 Nc6 13. Nc7+ Kd7 14.
Nxa8 Bd6 $17 {0-1 Novosak,J-Poloch,P/CZE 1996/EXT 2000 (51)}) 10... Qxa4 11.
Nxa4 Nd5 12. Bd2 Ndb4 13. O-O O-O-O {0-1 Titov,G-Saltaev,M/Moscow 1983/EXT
2002 (39)}) 10. Nxd4 Bd7 11. Qxc4 Rc8 $146 (11... Nxd4 12. Bxd4 Be7 13. Rd1 O-O
14. O-O Be6 15. Qb5 $14 {1/2-1/2 Klinova,M-Kantor,L/ISR-ch (Women) 1994/EXT 98
(44)}) (11... Be7 $5) 12. O-O Bd6 $6 {Ftacnik: 'Anand is treating the position
with great deal of optimism and he develops the bishop on theactive square.
His king is still not in the safety so Ivanchuk will win the time to enhance
the pressure of his pieces.'  Mit diesem Läuferzug provoziert Anand den Gegner;
nach meiner Meinung bietet der bescheidene Läuferzug 12...Be7! die beste
Aussicht auf Ausgleich.} (12... Nxd4 13. Qxd4 Bc5 14. Qxc5 $1 Rxc5 15. Bxc5 $44
) (12... Be7 $1) 13. Nxc6 (13. Ndb5 $1 Be7 14. Rad1 O-O 15. Qf4 Qa5 16. a3 $16)
13... Rxc6 14. Qh4 O-O 15. Bxa7 $5 {[%mdl 2048] Ftacnik: 'Very selfconfident
blow, white is sure he can get his bishop out. Objectively bigger problems for
black would offer the simple continuation 13.Bf3.'  Dieser Zug ist sehr
riskant, da der Läufer auf a7 gefangen wird.} (15. Bf3 $5 Rc8 16. Rfd1 $14 (16.
Rad1)) 15... b6 16. Rad1 Bc5 $6 (16... Bc7 17. Bb5 Qa8 18. Ne4 (18. Bxc6 Bxc6)
18... Ne8 19. Rxd7 Rh6 20. Nf6+ $1 Nxf6 (20... Rxf6 21. Qa4) 21. Qxh6 gxh6 22.
Rxc7 $13) (16... Be6 $5 17. Nb5 (17. Bb5 Rxc3 18. bxc3 Qc7) 17... Bxa2 18. Nd4
(18. Bf3 Bd5 $1 19. Bxd5 Nxd5 20. Qxd8 Rxd8 21. Rxd5 Bxh2+ 22. Kxh2 Rxd5 $11)
18... Rc5 19. b4 Re5 20. Nc6 Qc7 21. Bf3 Re6 $11) 17. b4 $6 {Ftacnik: 'The
drawback of the 15th move was the neccesity to find the best continuations.
White did not find the courage to play the strongest continuation 17.Nd5! with
huge pressure on the black's centralized pieces.'} (17. Nd5 $1 Bf5 $1 (17...
Nxd5 18. Qxd8 Rxd8 19. Rxd5 Rc7 20. b4 (20. Rxc5 bxc5 21. Bb6 Re8 22. Bxc7 Rxe2
) 20... Rxa7 (20... Bxf2+ 21. Kxf2 Rxa7 22. Rfd1 Kf8 23. Bb5 Ke7 24. a4) 21.
bxc5 bxc5 22. Bb5 Kf8 23. Rfd1 Ke7 24. a4 Rc7 (24... c4 25. Bxc4) 25. f4 c4 26.
Kf2 c3 27. Bxd7 c2 28. Re1+ Kf8 (28... Kf6 29. Rd6#) 29. Bb5 $1 Rxd5 30. Re8#)
18. Qg5 (18. Nxf6+ Qxf6 19. Qxf6 gxf6) (18. b4 Nxd5 19. Qxd8 Rxd8 20. bxc5 bxc5
) 18... Nxd5 19. Qxf5 Rd6 20. Bb8 Qxb8 21. Rxd5 $16) 17... Be7 {[%cal Ge7h4,
Gc6c3]} 18. Qd4 (18. Nb5 Re6 19. Nd4 Qc7 $1 $15) 18... Rd6 (18... Qc8 19. Ne4
Nxe4 (19... Bf5 20. Nxf6+ Bxf6 21. Qd5 Rd8 22. Qb5 $14) 20. Qxd7 Qxd7 21. Rxd7
Bxb4 22. Bf3 f5 $11) 19. Qc4 Be6 {Es ist immer sehr schwer auf dem Brett die
beste Fortsetzungen zu finden.} (19... Rc6 $2 20. Qxc6 Bxc6 21. Rxd8 Bxd8 22.
b5 Bb7 23. Bb8 $16) 20. Qa6 {Die Dame kommt dem Läufer zu Hilfe, aber er
bleibt auf a7 bis zum Ende der Partie...} Nd5 (20... Rxd1 21. Rxd1 Qc8 22. Qa3
(22. Qxc8 Rxc8 23. Nb5 Bxa2 24. Bxb6 Bxb4 $11) 22... Qc7 23. Nb5 Qe5 24. Qe3 (
24. Nd4 Rd8 25. Bxb6 $2 Qxe2 $19) 24... Qxe3 25. fxe3 Bxb4 26. Bxb6 Bxa2 $11)
21. Nxd5 Bxd5 22. Rfe1 $2 {[%mdl 16384] Ftacnik: 'Serious mistake in the
critical position. Ivanchuk was not suspecting, that the opponent can move
away the rook and start a ferrocious attack.'  Eine optimistische Fortsetzung.
Dabei ist es höchste Zeit für Vereinfachungen mittels 22.Bxb6!.} (22. b5 Rh6 $1
23. h3 (23. Bxb6 Qb8 $1 $19 {[%csl Ra6,Rb6][%cal Rb8h2,Rh6b6]}) 23... Rg6 24.
g4 (24. Bf3 Bxf3) (24. g3 Bc5 25. Kh2 Qg5 26. Qa4 Bxf2 $19) 24... Rh6 25. Bf3
Bxf3 26. Rxd8 Rxh3 27. Rxf8+ Bxf8 $19 {[%csl Rg1][%cal Rh3h1,Rh1g1]}) (22. Rxd5
Rxd5 23. Bxb6 Qb8 24. Qc4) (22. Bxb6 $1 Rxb6 23. Rxd5 Rxa6 24. Rxd8 Rxa2 25.
Rxf8+ Kxf8 26. Bc4 Rc2 27. Bd3 Rd2 28. Be4 (28. Bxh7 $2 g6) 28... Bxb4 $11)
22... Rg6 $1 $40 {[%csl Gd5,Rg1][%cal Gg6g1,Gd5g2] '!' Ftacnik.} 23. g3 (23.
Bf3 Bxf3 24. Rxd8 Rxg2+ 25. Kf1 Rxh2 26. Rxf8+ Bxf8 $19) (23. Bf1 Bxb4 24. Re3
(24. Re2 Bxg2 $1 25. Rxd8 Bf3+ 26. Bg2 Rxd8 $19) 24... Bc5 25. Rg3 Qf6 26. Qe2
Bb7 {[%csl Ra7]}) 23... Bxb4 {[%csl Re1][%cal Rb4e1]} 24. Bc4 {Ftacnik: 'The
situation has turned completely and white is not seeing the way to fend of
enemy's forces.'} (24. Rf1 Qa8 25. Bxb6 Qxa6 26. Bxa6 Rxb6 27. Rxd5 Rxa6 $19) (
24. Bf3 Bxe1 25. Bxd5 Qe7 {Das wäre nur eine Zugumstellung zur
Partiefortsetzung.}) 24... Bxe1 25. Bxd5 (25. Rxd5 Qf6 $19) 25... Qe7 $19 {
[%cal Ge7a7,Ge7e1] Schwarz besitzt Materialvorteil und ein besseres
Figurenspiel, während der a7B schlecht steht.} 26. a4 (26. Bxb6 Bxf2+ 27. Kxf2
Qb4 (27... Qf6+ 28. Kg1) 28. Qa5 Rxb6 29. Qxb4 Rxb4 $17) 26... Rf6 27. f4 Qe3+
28. Kh1 Bxg3 $1 {Ftacnik: 'Anand must have felt some satisfaction, that the
daring white bishop on a7 did never found time to get out.'} (28... Bxg3 $1 29.
hxg3 Qf2 $1) 0-1